00510nam a2200193 a 4500001001300000003000900013005001700022008004100039020000900080082001600089100002300105245005100128260004100179300000900220500003500229505001000264650001900274700002300293nice12345678IN_TiNIC20260116012618.0050524s1980 newa grp 000 0 eng  ac8000a954.55bUPR aUprety, Prem Raman aReligion and Politics in Punjab in the 1920`s. aNew DelhibSterling Publishersc1980 a222p aincludes index and biblioraphy2 aIndex aPanjab-History1 aUprety, Prem Raman